Predeľnyje teoremy dlja summ slučajnych vektorov, sviazannych v ceľ Markova

Saved in:
Bibliographic Details
Main Authors: Siraždinov, Sagdi Ch (Author), Formanov, Šakir K. (Author)
Format: Book
Language:Russian
Published: Taškent : FAN, 1980
Edition:1.vyd.
Tags: Add Tag
No Tags, Be the first to tag this record!

MARC

LEADER 00000nam a22000003a 4500
001 stu141691
005 20150617225925.5
008 070523s1980----xxr-----------------rus-d
040 |a STU  |b slo 
041 0 |a rus 
044 |a xxr 
080 |a 519.214 
080 |a 519.217.2 
100 1 |a Siraždinov, Sagdi Ch.  |4 aut 
245 1 |a Predeľnyje teoremy dlja summ slučajnych vektorov, sviazannych v ceľ Markova 
250 |a 1.vyd. 
260 |a Taškent :  |b FAN,  |c 1980 
300 |a 171 s 
700 1 |a Formanov, Šakir K.  |4 aut 
996 |b E46178  |c E*46178  |l EE03  |s P  |a 0  |w stu141691_0002